Normal view
MARC view
- Jamil , Muhammad Ahsan
Entry Personal Name
001 - CONTROL NUMBER
- control field: 122215
003 - CONTROL NUMBER IDENTIFIER
- control field: NUST
005 - DATE AND TIME OF LATEST TRANSACTION
- control field: 20240326143445.0
008 - FIXED-LENGTH DATA ELEMENTS
- fixed length control field: 240326|| aca||aabn | a|a d
040 ## - CATALOGING SOURCE
- Original cataloging agency: NUST
- Transcribing agency: NUST
100 ## - HEADING--PERSONAL NAME
- Personal name: Jamil , Muhammad Ahsan
670 ## - SOURCE DATA FOUND
- Source citation: Work cat.: (NUST): Jamil , Muhammad Ahsan , Experimental Aeroacoustics Analysis of Vertical Axis Wind Turbine /
